| 000 | 01169nac a22002771u 4500 | ||
|---|---|---|---|
| 010 | _a72009352 | ||
| 020 | _a0814314929 | ||
| 082 | 0 | 0 |
_a261.70943 _bL777 |
| 090 |
_c1794 _d1794 |
||
| 100 | _a20080729 | ||
| 111 | 2 |
_aInternational Scholars' Conference, _cWayne State University, _d1970. |
|
| 245 | 1 | 4 |
_aThe German church struggle and the Holocaust. _cEdited by Franklin H. Littell [and] Hubert G. Locke. |
| 260 |
_aDetroit, _bWayne State University Press, _c1974. |
||
| 300 |
_a328 p. _c24 cm. |
||
| 500 | _aSponsored by the Walker and Gertrude Cisler Library of the Grosberg Religious Center. | ||
| 500 | _aDonations | ||
| 500 | _aDonations - Dr. Mostafa Gouda | ||
| 504 | _aIncludes bibliographical references. | ||
| 650 | 0 |
_aChurch and state _zGermany _xHistory _y1933-1945 _xCongresses. |
|
| 650 | 0 |
_aHolocaust, Jewish (1939-1945) _xCongresses. |
|
| 700 | 1 | _aLittell, Franklin Hamlin, | |
| 700 | 1 | _aLocke, Hubert G., | |
| 710 | 2 | _aWalker and Gertrude Cisler Library. | |
| 942 |
_cBB _k261.70943L777 |
||
| 999 |
_c1794 _d1794 |
||